La preparación de informes

Guardado en:
Bibliografiske detaljer
Hovedforfatter: Gorbitz, Adalberto
Format: Texto
Udgivet: Turrialba: IICA
Tags: Tilføj Tag
Ingen Tags, Vær først til at tagge denne postø!

MARC

LEADER 00000 a a2200000 04500
001 17032
003
040
090 |a 008200  
100 |a Gorbitz, Adalberto  
245 |a La preparación de informes  
260 |a Turrialba:   |b IICA  
300 |a 16 p.  
999 |c 10521  |d 10521